The Plane Quiz - Statistics

General Stats
  • This quiz has been taken 216 times
  • The average score is 8 of 11
Answer Stats
Question Answer % Correct
How many engines does an A380 have? Four
97%
How many engines does an MD11 have? Three
96%
What is the biggest airplane manufacturer in the world? Airbus
86%
Who invented the airplane? Orville Wright
86%
Who invented the airplane? Wilbur Wright
86%
Which airline has the most A380s? Emirates
78%
What was Boeing's first commercial jet? 707
62%
What is the biggest plane in the world? Antonov 225
57%
What plane company makes the Dash 8? De Havilland
40%
What does the Q in Qantas stand for? Queensland
38%
What is the most popular plane in the world? Cessna 172
30%
No matching quizzes found
Score Distribution
Percent of People with Each Score
Percentile by Number Answered
Your Score History
You have not taken this quiz